000 00387nam a22001337a 4500
999 _c130452
_d130452
008 200319b ||||| |||| 00| 0 eng d
050 _aBV4639.C683
100 _aColaco, Lawrence P.
_949762
245 _aWitnessing Christ
_cLawrence P. Colaco
260 _aBangalore
_bAsian Trading Corporation
_c1984
300 _aix, 63p. ;
_c22cm.
650 _aLove
_949763
942 _2lcc
_cMONOGRAPH